Création de valeur et sous-performance à long terme des IPO sur le second marché (notice n° 1668122)
[ vue normale ]
| 000 -LEADER | |
|---|---|
| fixed length control field | 01192cam a2200157 4500500 |
| 005 - DATE AND TIME OF LATEST TRANSACTION | |
| control field | 20260222004201.0 |
| 041 ## - LANGUAGE CODE | |
| Language code of text/sound track or separate title | fre |
| 042 ## - AUTHENTICATION CODE | |
| Authentication code | dc |
| 100 10 - MAIN ENTRY--PERSONAL NAME | |
| Personal name | Boutron, Emmanuel |
| Relator term | author |
| 245 00 - TITLE STATEMENT | |
| Title | Création de valeur et sous-performance à long terme des IPO sur le second marché |
| 260 ## - PUBLICATION, DISTRIBUTION, ETC. | |
| Date of publication, distribution, etc. | 2005.<br/> |
| 500 ## - GENERAL NOTE | |
| General note | 35 |
| 520 ## - SUMMARY, ETC. | |
| Summary, etc. | La sous-performance à long terme des entreprises récemment introduites en Bourse est un phénomène constaté sur la plupart des places boursières. L’éclatement de la bulle internet et la débâcle des entreprises du secteur en fournit une illustration récente. L’histoire semble s’être répétée car au début des années 1980, le second marché, terre d’accueil des entreprises à forte croissance, a été le théâtre de tels événements. Les raisons de cette sous-performance doivent être recherchées aussi bien auprès de l’entreprise et de sa stratégie de croissance que du marché et des tensions spéculatives qui s’exercent. |
| 786 0# - DATA SOURCE ENTRY | |
| Note | Revue française de gestion | 156 | 3 | 2005-06-01 | p. 53-75 | 0338-4551 |
| 856 41 - ELECTRONIC LOCATION AND ACCESS | |
| Uniform Resource Identifier | <a href="https://shs.cairn.info/revue-francaise-de-gestion-2005-3-page-53?lang=fr&redirect-ssocas=7080">https://shs.cairn.info/revue-francaise-de-gestion-2005-3-page-53?lang=fr&redirect-ssocas=7080</a> |
Pas d'exemplaire disponible.




Réseaux sociaux